[Event "Hamburg-ch MB"]
[Site "Hamburg"]
[Date "2017.06.07"]
[Round "5"]
[White "Schulz, Hans Juergen"]
[Black "Ristic, Sreten"]
[Result "1-0"]
[WhiteElo "1878"]
[BlackElo "1914"]
[PlyCount "95"]
[EventDate "2017.06.03"]
[EventType "swiss"]
[EventRounds "9"]
[EventCountry "GER"]
[SourceTitle "CBM 179 Extra"]
[Source "ChessBase"]
[SourceDate "2017.08.23"]
[SourceVersion "1"]
[SourceVersionDate "2017.08.23"]
[SourceQuality "1"]

1. e4 b6 2. d4 e6 3. Nf3 Bb7 4. Bd3 a6 5. 0-0 d6 6. c4 Nd7 7. Nc3 c5 8. Qe2 Ngf6 9. dxc5 Nxc5 10. Bc2 e5 11. b4 Ncd7 12. Bg5 Be7 13. Rfd1 0-0 14. Bxf6 Nxf6 15. Nxe5 Qc7 16. Nf3 b5 17. Nd5 Bxd5 18. cxd5 Rac8 19. Nd4 Rfe8 20. h3 g6 21. Rac1 Nd7 22. f4 Bf6 23. Nc6 Bb2 24. Rb1 Bg7 25. Kh1 f5 26. Qf3 fxe4 27. Bxe4 Nf6 28. Re1 Qf7 29. Rbd1 Rc7 30. Bc2 Rf8 31. f5 g5 32. Re6 Rd7 33. Rde1 Kh8 34. g4 Rc8 35. Bb3 Ne8 36. Qe3 Nf6 37. Qxg5 Ng8 38. Qf4 Bf8 39. g5 Qg7 40. f6 Qg6 41. h4 Qd3 42. Qe3 Qg6 43. Qe4 Rcc7 44. Qxg6 hxg6 45. Re8 Rf7 46. Nd8 Nxf6 47. Nxf7+ Rxf7 48. Rf1 1-0

[Event "Hamburg-ch MB"]
[Site "Hamburg"]
[Date "2017.06.04"]
[Round "2"]
[White "Ristic, Sreten"]
[Black "Opasiak, Dustin Tennessee"]
[Result "0-1"]
[WhiteElo "1914"]
[BlackElo "1767"]
[PlyCount "83"]
[EventDate "2017.06.03"]
[EventType "swiss"]
[EventRounds "9"]
[EventCountry "GER"]
[SourceTitle "CBM 179 Extra"]
[Source "ChessBase"]
[SourceDate "2017.08.23"]
[SourceVersion "1"]
[SourceVersionDate "2017.08.23"]
[SourceQuality "1"]

1. Nc3 Nf6 2. e4 d6 3. Be2 g6 4. d4 Bg7 5. Be3 0-0 6. f4 b6 7. Nf3 Ba6 8. Bd3 Bxd3 9. Qxd3 c5 10. d5 Qc8 11. 0-0 Na6 12. Kh1 Qb7 13. a3 Nc7 14. Nd1 b5 15. c3 a5 16. Rc1 Ng4 17. h3 Nxe3 18. Nxe3 b4 19. axb4 axb4 20. Rcd1 bxc3 21. bxc3 Ra3 22. e5 Rd8 23. Nc4 Ra4 24. Rb1 Qxd5 25. Nb2 Rxf4 26. exd6 exd6 27. Qc2 Qf5 28. Qd2 Rxf3 29. gxf3 Qxh3+ 30. Kg1 Nb5 31. Nd1 Nxc3 32. Qxc3 Bxc3 33. Nxc3 Qg3+ 34. Kh1 Qh4+ 35. Kg2 d5 36. Ne2 d4 37. Ng3 f5 38. Rbc1 Qe7 39. f4 d3 40. Kf2 Qd6 41. Kg2 c4 42. Rxc4 0-1

[Event "GER-chT Betriebe 14th"]
[Site "Dresden"]
[Date "2014.11.21"]
[Round "4.4"]
[White "Ristic, Sreten"]
[Black "Mayer, Herbert"]
[Result "1/2-1/2"]
[WhiteElo "1925"]
[BlackElo "1970"]
[PlyCount "94"]
[EventDate "2014.11.20"]
[EventType "team-swiss"]
[EventRounds "7"]
[EventCountry "GER"]
[SourceTitle "EXT 2020"]
[Source "ChessBase"]
[SourceDate "2019.10.17"]
[SourceVersion "1"]
[SourceVersionDate "2019.10.17"]
[SourceQuality "1"]
[WhiteTeam "Hamburg Rapid Unilever"]
[BlackTeam "Berlin Osram"]
[WhiteTeamCountry "GER"]
[BlackTeamCountry "GER"]

1. c4 Nf6 2. Nf3 g6 3. b3 Bg7 4. Bb2 0-0 5. Qc2 c5 6. a3 Nc6 7. e3 Re8 8. Be2 b6 9. d3 Bb7 10. Nbd2 e5 11. Rc1 d5 12. cxd5 Nxd5 13. 0-0 Rc8 14. Qb1 Na5 15. Qa1 Qe7 16. Rfe1 Rcd8 17. Bf1 Ba6 18. Qa2 Bb7 19. h3 Nc6 20. Ne4 Kh8 21. g4 Nf6 22. Nfd2 Nxe4 23. Nxe4 Qh4 24. Qa1 Na5 25. Nd2 Bd5 26. b4 Nb7 27. e4 Bc6 28. Re3 Re6 29. f4 Kg8 30. fxe5 Bh6 31. Rce1 Bxe3+ 32. Rxe3 Qg5 33. Kf2 Bb5 34. Nf3 Qe7 35. a4 Be8 36. bxc5 bxc5 37. Be2 Ra6 38. Bd1 Na5 39. Qa2 Nc6 40. Qc4 Nb4 41. d4 Bxa4 42. Bxa4 Rxa4 43. Ra3 Rxa3 44. Bxa3 Qe6 45. d5 Qa6 46. Qxa6 Nxa6 47. Nd2 f5 1/2-1/2

[Event "Hamburg-ch Seniors 21st"]
[Site "Hamburg"]
[Date "2014.10.30"]
[Round "3"]
[White "Grimm, Uwe"]
[Black "Ristic, Sreten"]
[Result "1-0"]
[WhiteElo "2080"]
[BlackElo "1796"]
[PlyCount "89"]
[EventDate "2014.10.29"]
[EventType "swiss"]
[EventRounds "9"]
[EventCountry "GER"]
[SourceTitle "EXT 2018"]
[Source "ChessBase"]
[SourceDate "2017.10.13"]
[SourceVersion "1"]
[SourceVersionDate "2017.10.13"]
[SourceQuality "1"]

1. f4 e5 2. fxe5 d6 3. e4 dxe5 4. Nf3 Bg4 5. Bc4 Nd7 6. 0-0 Ngf6 7. d3 a6 8. a4 Bd6 9. Be3 Qe7 10. c3 c5 11. Nbd2 h6 12. a5 Rc8 13. Qe1 g5 14. Nxg5 hxg5 15. Bxg5 Rg8 16. Qh4 Rg6 17. Rf2 Be6 18. Raf1 Kd8 19. Bxe6 Qxe6 20. Bxf6+ Kc7 21. Nc4 Rcg8 22. Ne3 Kb8 23. Nd5 Bf8 24. Bd8 Bd6 25. Bf6 Bf8 26. Qh5 c4 27. d4 exd4 28. Bxd4 Qxe4 29. Nf4 Bg7 30. Nxg6 Bxd4 31. cxd4 Rxg6 32. Qf5 Qxd4 33. Qxf7 Rf6 34. Qe8+ Ka7 35. Qe2 Ne5 36. Kh1 Rd6 37. Rf4 Qc5 38. Rf5 Rd5 39. h3 Qxa5 40. Qe3+ b6 41. Rf7+ Nd7 42. Qe6 Qb5 43. R1f5 Rd1+ 44. Kh2 Qa4 45. Rd5 1-0

[Event "Lueneburg Seniors 1st"]
[Site "Lueneburg"]
[Date "2013.07.20"]
[Round "6"]
[White "Ristic, Sreten"]
[Black "Zippert, Georg"]
[Result "1-0"]
[WhiteElo "1939"]
[BlackElo "1825"]
[PlyCount "81"]
[EventDate "2013.07.15"]
[EventType "tourn"]
[EventRounds "9"]
[EventCountry "GER"]
[SourceTitle "CBM 155 Extra"]
[Source "ChessBase"]
[SourceDate "2013.08.26"]
[SourceVersion "1"]
[SourceVersionDate "2013.08.26"]
[SourceQuality "1"]

1. e4 e5 2. Nf3 Nc6 3. Bc4 Bc5 4. c3 Nf6 5. b4 Bd6 6. Qe2 0-0 7. Na3 a6 8. Nc2 b5 9. Bb3 Bb7 10. d3 h6 11. a3 Re8 12. Nh4 Ne7 13. g4 g5 14. Ng2 c5 15. Nce3 c4 16. dxc4 Nxe4 17. c5 Bc7 18. Qf3 Rf8 19. h4 d5 20. hxg5 Nxg5 21. Qf6 Ng6 22. Qf5 Bc8 23. Qc2 Be6 24. Rxh6 Nf3+ 25. Kf1 e4 26. Nf5 Bxf5 27. gxf5 Nge5 28. Bf4 Nd3 29. Bxc7 Qxc7 30. Bxd5 Kg7 31. Rh3 Rh8 32. Rg3+ Kf6 33. Ke2 Rae8 34. a4 Nxb4 35. Qd1 Nxd5 36. Qxd5 Qe5 37. Qc6+ Ke7 38. axb5 Rd8 39. f6+ Qxf6 40. Qxe4+ Ne5 41. Rxa6 1-0